Narrativa literária de autores da Madeira séc. XX (Registo nº 159)

Detalhes MARC
000 -Etiqueta do registo
Cabeçalho 00962cam a2200337 4500
005 - Identificador da versão
Campo de controlo 20240813121756.0
095 ## -
-- PTBN00254888
010 ## - Número internacional normalizado dos livros (ISBN)
Número (ISBN) 9726480256
021 ## - Número do Depósito Legal
Código do país PT
Número 35180/90
035 ## - Other System Control Numbers
System Control Number 0000168
System Control Number 0000168
System Control Number 0000168
System Control Number 0000163
100 ## - Dados gerais de processamento
Dados gerais de processamento 19900529d1990 m b0pory5003 ba
102 ## - Pais de publicação ou produção
País de publicação Portugal
101 0# - Língua de publicação
Língua do texto, banda sonora, etc. Português
106 ## - Campo de dados codificados: material textual
Dados codificados do material textual r
105 ## - Campo de dados codificados: livros
Dados codificados dos livros y z 001ad
215 ## - Descrição física 
Indicação específica da natureza do documento e extensão da espécie 254 p.
Dimensões 22 cm
200 1# - Titulo e menção de responsabilidade
Título próprio Narrativa literária de autores da Madeira séc. XX
Informação de outro título antologia
Primeira menção de responsabilidade selecção de textos, pref. e notas de Nelson Veríssimo
205 ## - Menção da edição
Menção da edição 1ª ed
210 ## - Publicação, Distribuição, etc. 
Lugar da edição, distribuição, etc. Funchal
Nome do editor, distribuidor, etc. Sec. Reg. do Turismo, Cultura e Emigração
Data da publicação, distribuição, etc. 1990
320 ## - Nota relativa a bibliografia e índices internos 
Texto da nota Bibliografia, p. 251
532 12 - Título desenvolvido
Expanded Title Narrativa literária de autores da Madeira século XX
675 ## - Classificação Decimal Universal (CDU)
Notação 869.0 A/Z "19"
Edição BN
Língua da edição por
702 ## - Nome de autor-pessoa física (responsabilidade secundária)
Número de registo de entrada de autoridade 0000175
Palavra de ordem Veríssimo
Outra parte do nome não tomada para palavra de ordem Nelson
Datas 1955-
Código de função Compilador
942 ## - Elementos de entrada adicionados (Koha)
Tipo de item no Koha Livro
Exemplares
Situação do levantamento Origin of item (home branch) (coded) Biblioteca de empréstimo Código de barras Cota Circulation type (not for loan) Tipo de documento Nota do exemplar Damaged status
  Biblioteca Escolar Eng. Nuno Mergulhão Biblioteca Escolar Eng. Nuno Mergulhão BENM365 8POR VER   Livro Sem mensagem